000
00264nam a2200109Ia 4500
008
231212s1974 xx 000 0 und d
041
_a
eng
082
_a
621.38412
100
_a
Mileat Harry
245
_a
Electronic Vol. I I I
260
_a
New Delhi
_b
McGrowh
_c
1974
999
_c
959214
_d
959214